000 00298nam a2200121Ia 4500
008 190216s9999||||xx |||||||||||||| ||und||
100 _aL M Prasad
245 0 _aBusiness Policy : Strategic Management
250 _a5th Ed.
260 _bSulthan Chand&Sons
_c2007
650 _aCommerce
942 _cBK
999 _c8247
_d8247